| 000 | 00906 a2200229 4500 | ||
|---|---|---|---|
| 003 | dpl | ||
| 005 | 20120208110511.0 | ||
| 008 | 080911t xxu||||| |||| 00| 0 hin d | ||
| 010 | _aHIN-80520 | ||
| 020 |
_c250.00 _a |
||
| 035 | _aB-233232 | ||
| 037 | _bD.B.Act / pub | ||
| 040 |
_adpl _cdpl |
||
| 082 | _a230.91 | ||
| 100 |
_aनौटियाल, शिवानन्द _941158 |
||
| 245 |
_aकैलास-मानसरोवर _cशिवानन्द नौटियाल |
||
| 246 |
_aKailsah-Mansarovar _bby Shivanand Nautiyal |
||
| 260 |
_aदिल्ली _bअक्षरम् _c2007 |
||
| 270 |
_a50, मेधा अपार्टमेंट्स, मयूर विहार-1 _bदिल्ली _e110091 |
||
| 300 |
_a224पृ _c22सेमी (सजिल्द) |
||
| 942 |
_adpl _cHN _k230.91 / नौटिया _2ddc _h230.91 _mनौटिया |
||
| 999 |
_c62239 _d62239 |
||